| 000 | 00000nam##2200000za#4500 |
| 001 | 9.645657 |
| 003 | CaOODSP |
| 005 | 20230202144024 |
| 007 | ta |
| 008 | 150407|1994||||xxc||||| f|0| 0 eng|d |
| 020 | |a0-662-22526-0 |
| 040 | |aCaOODSP|beng |
| 043 | |an-cn--- |
| 086 | 1 |aH72-21/116-1994E |
| 110 | 2 |aNational Clearinghouse on Family Violence (Canada). |
| 245 | 10|aUnderstanding and charting our progress towards the prevention of woman abuse / |cPrepared by Linda MacLeod. |
| 260 | |aOttawa - Ontario : |bHealth Canada. |c1994. |
| 300 | |a43p. : |breferences ; |c28 cm. |
| 500 | |a"The author will analyze a broad sample of the projects funded by the Family Violence Prevention Division, exploring how these projects have contributed to knowledge about and progress toward prevention."--Page 7. |
| 520 | 3 |aThe author will analyze a broad sample of the projects funded by the Family Violence Prevention Division, exploring how these projects have contributed to knowledge about and progress toward prevention.--Page 7 |
| 563 | |aSoftcover |
| 590 | |a94-39|b1994-09-30 |
| 690 | 07|aViolence against women|2gcpds |
| 720 | 1 |aMacLeod, Linda |
| 775 | 08|tProgrès réalisés dans la prévention de la violence envers les femmes: profil d'aujourd'hui et esquisse de demain / |w(CaOODSP)9.679309 |